25 Nomes mais populares do Brasil começando com T - Statistics

Estatísticas Gerais
  • Esse quiz foi jogado 443 vezes
  • A pontuação média é 12 de 25
Estatísticas das Respostas
# NOMES FREQUÊNCIA % Correto
1 Tiago/Thiago 838.948
93%
3 Taís/Thaís 372.136
74%
8 Tatiana 142.916
71%
6 Tânia 172.608
67%
20 Túlio 24.537
67%
7 Tamires 143.715
62%
5 Tatiane 209.635
62%
4 Tereza/Teresa 303.070
62%
16 Tomás/Thomas 33.145
60%
14 Tamara 49.282
56%
13 Tales/Thales 51.532
55%
9 Talita 141.042
55%
10 Tainá 130.268
52%
12 Telma 60.314
46%
22 Toni/Tony 15.075
45%
21 Tadeu 24.372
38%
17 Tarcísio 32.849
37%
2 Terezinha/Teresinha 391.704
34%
11 Tainara/Taynara 109.101
33%
19 Taísa 25.839
33%
15 Taiane 38.825
32%
18 Talia 30.949
32%
23 Taila 14.795
25%
25 Tauane 14.546
21%
24 Talison 14.786
12%
Nenhum quiz correspondente encontrado
Distribuição das Pontuações
Porcentagem de Pessoas com Cada Pontuação
Percentil de Números Respondidos
Sua Pontuação Histórica
Você não jogou esse quiz